Biological control of nitrogen in wastewater treatment

Bibliographic Details
Main Authors: Barnes, David 1945- (Author), Bliss, P. J. (Peter John) (Author)
Format: Book
Published: London New York E. & F. N. Spon 1983
Subjects:

MARC

LEADER 00000cam a2200000 7i4500
001 0000000266
008 021118s1983
020 |a 0419123504 
090 0 0 |a TD85.5.N37  |b B37 1983 
100 0 |a Barnes, David  |d 1945-  |e author 
245 0 0 |a Biological control of nitrogen in wastewater treatment  |c D. Barnes, P.J. Bliss 
260 2 |a London  |a New York  |b E. & F. N. Spon  |c 1983 
300 |a 146 p.  |c 25 cm 
650 0 |a Sewage  |x Purification  |x Biological treatment 
650 0 |a Sewage  |x Purification  |x Nitrogen removal 
700 0 |a Bliss, P. J.  |q (Peter John)  |e author 
999 |a 1000035526  |b Book  |c OPEN SHELF (30 DAYS)  |e Gong Badak Campus